书目信息 |
| 题名: |
广播电视概论
|
|
| 作者: | 宫承波 主编 | |
| 分册: | ||
| 出版信息: | 北京 中国广播电视出版社 2009 |
|
| 页数: | 309页 | |
| 开本: | 25cm | |
| 丛书名: | ||
| 单 册: | ||
| 中图分类: | G220 | |
| 科图分类: | ||
| 主题词: | 广播电视--高等学校--教材 , 广播电视 | |
| 电子资源: | ||
| ISBN: | 978-7-5043-6026-7 | |
| 000 | 00844nam0 2200253 45 | |
| 001 | 1130753406 | |
| 005 | 20110310092320.40 | |
| 010 | @a978-7-5043-6026-7@dCNY38.00 | |
| 100 | @a20110121d2009 em y0chiy50 ea | |
| 101 | 0 | @achi |
| 102 | @aCN@b110000 | |
| 105 | @ay z 000yy | |
| 106 | @ar | |
| 200 | 1 | @a广播电视概论@AGuang Bo Dian Shi Gai Lun@f宫承波主编@FGong Cheng Bo Zhu Bian |
| 210 | @a北京@c中国广播电视出版社@d2009 | |
| 215 | @a309页@d25cm | |
| 300 | @a媒体创意专业核心课程系列教材 | |
| 330 | @a本书主要介绍广播电视基础知识。内容包括广播电视历史论,广播电视技朮论,广播电视传播论,广播电视节目论和广播剧、电视剧论等。 | |
| 606 | 0 | @a广播电视@x高等学校@j教材 |
| 606 | 0 | @a广播电视 |
| 690 | @aG220@v4 | |
| 701 | 0 | @a宫承波@AGong Cheng Bo@f(1966~)@4主编 |
| 801 | 0 | @aCN@bTANGWEI@c20110310 |
| 905 | @b0532080-83@dG220@e117@f4 | |
| 广播电视概论/宫承波主编.-北京:中国广播电视出版社,2009 |
| 309页;25cm |
| 媒体创意专业核心课程系列教材 |
| ISBN 978-7-5043-6026-7:CNY38.00 |
| 本书主要介绍广播电视基础知识。内容包括广播电视历史论,广播电视技朮论,广播电视传播论,广播电视节目论和广播剧、电视剧论等。 |
| ● |
| 相关链接 |
|
|
|
|
正题名:广播电视概论
索取号:G220/117
 
预约/预借
| 序号 | 登录号 | 条形码 | 馆藏地/架位号 | 状态 | 备注 |
| 1 | 0532080 | 205320801 | 第一样本阅览室/ [索取号:G220/117] | 在馆 | |
| 2 | 0532081 | 205320810 | 第四借阅区/ [索取号:G220/117] | 在馆 | |
| 3 | 0532082 | 205320829 | 第四借阅区/ [索取号:G220/117] | 在馆 | |
| 4 | 0532083 | 205320838 | 密集书库-文学院/ [索取号:G220/117] | 在馆 |